| 000 | 00000nam##2200000za#4500 |
| 001 | 9.601670 |
| 003 | CaOODSP |
| 005 | 20210624210201 |
| 007 | cr ||||||||||| |
| 008 | 150406|2003||||xxc|||||o f|0| 0 fre|d |
| 040 | |aCaOODSP|bfre |
| 043 | |an-cn--- |
| 086 | 1 |aYC33-0/372-5F-PDF |
| 110 | 1 |aCanada. |bParlement. |bSénat. |bComité sénatorial permanent de la sécurité nationale et de la défense. |
| 245 | 13|aLe mythe de la sécurité dans les aéroports canadiens / |h[ressource électronique]|cL'honorable Colin Kenny, président ; l'honorable J. Michael Forrestall, vice-président. |
| 246 | 3 |aRapport du Comité sénatorial permanent de la sécurité nationale et de la défense |
| 260 | |aOttawa - Ontario : |bSénat. |cJanvier 2003. |
| 300 | |a285p. |
| 490 | 1 |aRapport du Comité sénatorial permanent de la sécurité nationale et de la défense|v37e législature, 2e session, [5e rapport] |
| 590 | |a11-12-Supp|b2011-07-29 |
| 775 | 08|tThe myth of security at Canada's airports / |w(CaOODSP)9.571027 |
| 830 | #0|aRapport du Comité sénatorial permanent de la sécurité nationale et de la défense ;|v37e législature, 2e session, [5e rapport]|w(CaOODSP)9.501649 |
| 856 | 40|ahttp://publications.gc.ca|qPDF|s891 Ko|uhttps://publications.gc.ca/collections/collection_2011/sen/yc33-0/YC33-0-372-5-fra.pdf|y37e législature, 2e session, [5e rapport] |